Postavení zahraničních bank Přestavba bankovního systému v Rusku. 2
Výnos prezidenta B. Jelcina o činnosti zahraničných bánk v Rusku spojené s dohodou o ochrane investícií. Podmienky činnosti zahraničných bánk v Rusku. Limitovanie účasti zahraničného kapitálu v bankovom systéme krajiny výškou 12 perc. Regulácia bankovej činnosti v Rusku sa uskutočňuje na základe 2 z...
Salvato in:
| Autore principale: | |
|---|---|
| Natura: | Capitolo di libro |
| Lingua: | ceco |
| Soggetti: | |
| Tags: |
Nessun Tag, puoi essere il primo ad aggiungerne!!
|
MARC
| LEADER | 00000naa a2200000 4500 | ||
|---|---|---|---|
| 001 | r015847 | ||
| 005 | 20221213082020.1 | ||
| 041 | 0 | |a cze | |
| 044 | |a CZ | ||
| 245 | 1 | 0 | |a Postavení zahraničních bank |b Přestavba bankovního systému v Rusku. 2 |c K. Remčukov |
| 520 | |a Výnos prezidenta B. Jelcina o činnosti zahraničných bánk v Rusku spojené s dohodou o ochrane investícií. Podmienky činnosti zahraničných bánk v Rusku. Limitovanie účasti zahraničného kapitálu v bankovom systéme krajiny výškou 12 perc. Regulácia bankovej činnosti v Rusku sa uskutočňuje na základe 2 zákonov prijatých v r. 1991. Postavenie Centrálnej banky a jej úverovo-peňažná politika. | ||
| 610 | 2 | 0 | |a banky |
| 610 | 2 | 0 | |a bankovníctvo |
| 610 | 2 | 0 | |a zákony |
| 610 | 2 | 0 | |a banky emisné |
| 610 | 2 | 0 | |a Rusko |
| 100 | 1 | |a Remčukov, K. | |